000 00362nam a2200145Ia 4500
003 GCL
008 140319s9999 xx 000 0 eng d
040 _aGCL /
_cGCL
082 0 4 _aCH
_b372.216
_bF F
100 1 _aFOREBEL-KAN CO.
245 1 0 _aKNOW YOUR FLOWERS /
_cFOREBEL-KAN CO.
260 _a[S.N] :
_bFROEBEL- KAN CO
650 0 4 _aCOUNTING
942 _2ddc
_cBK
999 _c17878
_d17878